Statistiques concernant Focus sur: Tom - Harry Potter

Cliquez ici pour prendre le quiz!

Statistiques générales

  • Ce quiz a été pris 34 fois
  • Le résultat moyen est 4 sur 7

Statistiques - réponses

Informations recherchéesRéponses% Correct
Première apparitionHarry Potter à l'école des sorciers
89%
Lieu de rencontre avec Harry PotterChaudron Baveur
82%
"Etat capillaire"Chauve
82%
EtablissementChaudron Baveur
79%
ProfessionBarman
71%
Acteurs l'interprétant dans les filmsDerek Deadman
14%
Jim Tavaré
11%

Distribution des résultats

Percentile par nombre de réponses

% des personnes avec chaque résultat

Votre développement - résultats

Vous n’avez pas pris ce quiz